| 000 | 00549nam a22001937a 4500 | ||
|---|---|---|---|
| 003 | KOHA_MİRAKIL | ||
| 005 | 20251022130035.0 | ||
| 008 | 251022b tu ||||| |||| 00| 0 tur d | ||
| 020 | _a9789758142644 | ||
| 040 |
_aTR-AnABB _btur _cTR-AnABB |
||
| 041 | _atur | ||
| 082 |
_a828.3354 _bWIT 2002 |
||
| 100 | 1 | _aWittlinger, Ellen, | |
| 245 | 1 | 0 |
_aZor sevgiler / _cEllen Wittlinger |
| 260 |
_aİstanbul : _bGüneşışığı Kitaplığı, _c2022 |
||
| 300 |
_a233 sayfa ; _c18 cm |
||
| 650 | 0 | 4 | _aAmerikan edebiyatı, roman |
| 942 |
_2ddc _cBK |
||
| 999 |
_c9179 _d9179 |
||
| 900 | _bGizem YORULMAZ | ||